| 000 | 00566nam a22001937a 4500 | ||
|---|---|---|---|
| 005 | 20251108170128.0 | ||
| 008 | 250721s2000 xx 000 0 ara d | ||
| 082 | 1 | 4 | _a613.25/برن |
| 100 | 1 |
_aرستم، علي _eترجمة |
|
| 245 | 1 | 0 | _aبرنامج العد التنازلي للقوام رشيق في 36 يوما / |
| 250 | _aط4 | ||
| 264 | 1 |
_aدمشق : _bدار المعرفة، _c2000. |
|
| 300 | _a173ص | ||
| 650 | 1 | 7 | _aالتغذية |
| 650 | 1 | 7 | _aتقليص الوزن |
| 650 | 1 | 7 | _aالصحة العامة |
| 942 |
_2ddc _cBK |
||
| 999 |
_c40416 _d40416 |
||